Zpracování údajů účetní závěrky rozpočtových a příspěvkových organizací

Predkladanie údajov účtovnej závierky rozpočtových a príspevkových organizácií v súvislosti s novelou zákona ČNR o štátnom rozpočte ČR č. 10/1993 Sb. na rok 1993. Novela stanovuje predkladať údaje pre ústredné orgány potrebné pre priebežné hodnotenie plnenia štátneho rozpočtu. Ministerstvo financií...

Full description

Saved in:
Bibliographic Details
Main Author: Sokolová, D.
Format: Book Chapter
Language:Czech
Subjects:
Tags: Add Tag
No Tags, Be the first to tag this record!

MARC

LEADER 00000naa a2200000 4500
001 r014367
005 20221213083423.4
041 0 |a cze 
044 |a CZ 
245 1 0 |a Zpracování údajů účetní závěrky rozpočtových a příspěvkových organizací  |c D. Sokolová 
520 |a Predkladanie údajov účtovnej závierky rozpočtových a príspevkových organizácií v súvislosti s novelou zákona ČNR o štátnom rozpočte ČR č. 10/1993 Sb. na rok 1993. Novela stanovuje predkladať údaje pre ústredné orgány potrebné pre priebežné hodnotenie plnenia štátneho rozpočtu. Ministerstvo financií ČR využijena spracovanie informácií systém ARIS (automatizovaný rozpočtový informačný systém). 
610 2 0 |a spracovanie dát 
610 2 0 |a závierka účtovná 
610 2 0 |a organizácie rozpočtové 
610 2 0 |a organizácie príspevkové 
610 2 0 |a výkazy účtovné 
100 1 |a Sokolová, D.